Muhammad s.a.w : from Hira Cave to Makkah
| Main Author: | |
|---|---|
| Format: | Book |
| Published: |
Leicester :
The Islamic Foundation ,
19_
|
| Subjects: |
MARC
| LEADER | 00000cam a2200000 7i4500 | ||
|---|---|---|---|
| 001 | 0000006882 | ||
| 002 | 000007414 | ||
| 005 | 20070109.0 | ||
| 020 | |a 9679290190 | ||
| 090 | 0 | 0 | |a JF |b MAR |
| 100 | 1 | |a Tarantio, Mardijah Aldrich | |
| 245 | 1 | 0 | |a Muhammad s.a.w : |b from Hira Cave to Makkah |c Mardijah Aldrich Tarantio |
| 260 | |a Leicester : |b The Islamic Foundation , |c 19_ | ||
| 300 | |a 35p. : |b ill ; |c 17cm. | ||
| 650 | 0 | 0 | |a Quran stories, Malay |
| 999 | |a 026198 |b BUKU |c PINJAMAN |e PERPUSTAKAAN KOMUNITI PETALING JAYA | ||